| 000 | 00435nam a2200181Ia 4500 | ||
|---|---|---|---|
| 001 | 15999 | ||
| 005 | 20260306170237.0 | ||
| 008 | 260306t2009||||xx |||||||||||||| ||und|| | ||
| 041 | _aESP | ||
| 082 |
_a346.2 _bF21 T. 1 |
||
| 100 |
_aKemelmajer de Carlucci, AĆda (dir.) _eAUT |
||
| 245 | 0 | _aLa familia en el nuevo derecho | |
| 260 | _c2009 | ||
| 300 |
_a _c20 cm. |
||
| 650 | _aGEN | ||
| 654 | _aCDE | ||
| 942 |
_cLIB _dJUS _fJUS _2ddc _n |
||
| 999 |
_c15999 _d15999 |
||